000 00408nam a22001697a 4500
003 MPLRDC
005 20220104114433.0
008 210129b ||||| |||| 00| 0 eng d
082 _a857.63 CKL v.63
100 _a岑凯伦
245 _a春之晨
_c
250 _a初版
260 _a
_b环球图书杂志出版社
_c1981
300 _b
650 _a短篇小说--别集
942 _cBK
_o857.63 CKL v.63
999 _c7462
_d7452